Latin America in the year 2000 /

Gorde:
Xehetasun bibliografikoak
Egile nagusia: Tulchin, Joseph S
Erakunde egilea: University of North Carolina at Chapel Hill
Beste egile batzuk: ed.
Formatua: Texto
Argitaratua: Addison-Wesley Publishing Company
Gaiak:
Etiketak: Etiketa erantsi
Etiketarik gabe, Izan zaitez lehena erregistro honi etiketa jartzen!

MARC

LEADER 00000 a a2200000 04500
001 28033
003
040
020 |a 0-201-07603-9  
090 |a 188700  
100 |a Tulchin, Joseph S  
110 |a University of North Carolina at Chapel Hill  
245 |a Latin America in the year 2000 /  |c Joseph S. Tulchin 
260 |a Addison-Wesley Publishing Company  
300 |a 391 p   |b **no definido**  
650 |a DESARROLLO ECONOMICO Y SOCIAL  
650 |a PLANIFICACION ECONOMICA  
650 |a ASPECTOS POLITICOS  
650 |a URBANISMO  
650 |a ASPECTOS DEMOGRAFICOS  
650 |a CIENCIAS SOCIALES  
650 |a SOCIEDAD  
650 |a AMERICA LATINA  
650 |a HISTORIA SOCIAL  
700 |a ed.  
999 |c 5268  |d 5268